| 000 | 01773nam0a2200361 4500 | ||
|---|---|---|---|
| 001 | RU\NLR\bibl\1786995 | ||
| 005 | 20260405234454.0 | ||
| 021 |
_aRU _b2011-46301 _93292 |
||
| 035 | _a(nilc)RSL-KNO-004962276 | ||
| 035 | _a(NLR Aleph) 001777716 | ||
| 090 |
_a1677844 _c1677844 |
||
| 100 | _a20110627d2011 |||y0rusy50 ca | ||
| 101 | 0 | _arus | |
| 102 | _aRU | ||
| 105 | _ay ||||||||| | ||
| 200 | 1 |
_aАутсорсинг в международных перевозках _fК.В. Яковлев _gМ-во образования и науки Рос. Федерации, Гос. образоват. учреждение высш. проф. образования "С.-Петерб. гос. ун-т экономики и финансов" |
|
| 205 | _a[Препр.] | ||
| 210 |
_aСанкт-Петербург _cИзд-во Санкт-Петербургского государственного университета экономики и финансов _d2011 |
||
| 215 |
_a19 с. _d20 |
||
| 320 | _aБиблиогр.: с. 19 (7 назв.) | ||
| 606 | 1 |
_aМеждународные перевозки _xОрганизация _92470773 _3RU\NLR\auth\661467476 |
|
| 606 | 1 |
_aАутсорсинг _92310588 _3RU\NLR\auth\661382875 |
|
| 610 | 0 | _aаутсорсинг в международных перевозках | |
| 686 |
_aУ9(2)837.0-210.3,0 _2rubbk |
||
| 686 | _aУ37(0)8-81 | ||
| 700 | 1 |
_4070 _8rus _7ca _aЯковлев _bК. В. _cканд. экон. наук, таможенное дело _gКонстантин Викторович _3RU\NLR\auth\77108116 _991041 |
|
| 801 | 0 |
_aRU _bRuMoRKP _c20110627 _grcr |
|
| 801 | 1 |
_aRU _bРГБ _c20110627 |
|
| 801 | 2 |
_aRU _bNLR _c20110711 _grcr |
|
| 942 | _cBOOK | ||
| 980 | _aNB | ||
| 980 | _aNBR | ||